000 00444nam a2200145Ia 4500
008 220326s9999||||xx |||||||||||||| ||und||
020 _a978-602-206-173-1
084 _a10245 TAN Gov Bo.2a
100 _aLenny Media Tanti
245 0 _aPR Pemerintah Tantangan Keterbukaan Informasi Publik
260 _aSurabaya
_bCO Publishing
_c2012
300 _aix + 165 halaman
650 _aGovernment (Pemerintahan)
_eG-O-V
_yPR Pemerintah
942 _cBK
999 _c12982
_d12982